000 00984cam a2200169 a 4500
999 _c3035
_d3035
020 _a0077079426 (alk. paper)
050 0 0 _aHD66
_b.S94
100 1 _aSyer, John,
245 1 0 _aHow teamwork works :
_bthe dynamics of effective team development /
_cJohn Syer and Christopher Connolly.
260 _aLondon ;
_aNew York :
_bMcGraw-Hill,
_cc1996.
300 _axiv, 394 p. :
_bill. ;
_c24 cm.
500 _aIncludes index
505 _a1. Team Systems -- 2. The CORE team -- 3. Team task cycle -- 4. The team experience -- 5. Team development -- 6. Resistance -- 7. Team identity -- 8. Warming Up -- 9. Task, maintenance and process -- 10. Feedback on performance -- 11. Speaking skills -- 12. Questioning skills -- 13. Listening skills -- 14. Warming down -- 15. Recognition -- 16. Understanding -- 17. Decision -- 18. Implementation -- 19. Completion -- Addendum. The team audit.
650 0 _aTeams in the workplace.
700 1 _aConnolly, Christopher,
942 _cBK